000 00648nam a2200241Ia 4500
003 OSt
005 20220918174045.0
006 a|||||r|||| 00| 0
007 ta
008 220917b |||||||| |||| 00| 0 eng d
024 _a10,217
037 _cTextual
040 _aARTS
_cARTS
_beng
041 _2eng
_aeng
082 _aQ7:33, L9
100 _aAzzam Abd-al-Rahman
_948932
245 0 _aEternal message of Muhammad tr by Caesor E Eavah
260 _aLondon
_bQuartet Books UK
_c1979
300 _axxii,297p.
_ccm.
650 _aRELIGION
942 _hQ7:33, L9
_cTEXL
_2CC
999 _c151591
_d151591